| 000 | 00822nas a2200277 4500 | ||
|---|---|---|---|
| 001 | BR9904655 | ||
| 003 | BR-BrBNA | ||
| 005 | 20231205101604.0 | ||
| 007 | ta | ||
| 008 | 230509b bl.|||p| |||| 00| 00por d | ||
| 040 |
_aBR-BrBNA _bpor _cBiblioteca Nacional de Agricultura |
||
| 041 | _a(Pt) | ||
| 072 | _aL51 | ||
| 100 | 1 | _aMores, N. | |
| 100 | 1 | _aBarbosa, H.P. | |
| 100 | 1 | _aBarioni Junior, W. | |
| 245 | 1 | _aEfeito de diferentes fontes de fosforo na dieta sobre as caracteristicas dos ossos de porcas e suas proles | |
| 650 | _aPorca | ||
| 650 | _aFosforo | ||
| 650 | _aDieta | ||
| 650 | _aAbsorcao | ||
| 650 | _aOsso | ||
| 773 | 0 |
_tPesquisa Veterinaria Brasileira (Brazil) _xISSN 0100-736X _g(Jan-Mar 1999), v. 19(1) p. 1-6 _wBR9904655 |
|
| 909 |
_a202311 _bLúcia _c55 _dLúcia Elande |
||
| 942 |
_2AGRIS _n0 _cANA |
||
| 999 |
_c162717 _d162717 |
||